River conservation (Record no. 68949)

MARC details
000 -LEADER
campo de control de longitud fija 00935nam a2200277 i 4500
001 - NÚMERO DE CONTROL
campo de control 68949
003 - IDENTIFICADOR DE NÚMERO DE CONTROL
campo de control ES-MaACL
005 - FECHA Y HORA DE LA ÚLTIMA TRANSACCIÓN
campo de control 20250728143630.0
007 - CAMPO FIJO DE DESCRIPCIÓN FÍSICA--INFORMACIÓN GENERAL
campo de control de longitud fija t|
008 - DATOS DE LONGITUD FIJA--INFORMACIÓN GENERAL
campo de control de longitud fija 140925s2013 sp ||||1| eng d
020 ## - NÚMERO INTERNACIONAL ESTÁNDAR DEL LIBRO
Número Internacional Estándar del Libro 978-84-92937-47-9
080 ## - NÚMERO DE LA CLASIFICACIÓN DECIMAL UNIVERSAL
Número de la Clasificación Decimal Universal 502.51(28):502.17
080 ## - NÚMERO DE LA CLASIFICACIÓN DECIMAL UNIVERSAL
Número de la Clasificación Decimal Universal 574.5(282)
245 03 - MENCIÓN DEL TÍTULO
Título River conservation
Resto del título : challenges and opportunities /
Mención de responsabilidad, etc. edited by Sergi Sabater, Arturo Elosegi.
260 ## - PUBLICACIÓN, DISTRIBUCIÓN, ETC.
Lugar de publicación, distribución, etc. Bilbao :
Nombre del editor, distribuidor, etc. Fundación BBVA,
Fecha de publicación, distribución, etc. 2013.
300 ## - DESCRIPCIÓN FÍSICA
Extensión 399 p. :
Otras características físicas il. col. y n., mapas ;
Dimensiones 24 cm.
504 ## - NOTA DE BIBLIOGRAFÍA, ETC.
Nota de bibliografía, etc. Incluye referencias bibliográficas e índice.
650 #4 - PUNTO DE ACCESO ADICIONAL DE MATERIA--TÉRMINO DE MATERIA
Término de materia o nombre geográfico como elemento de entrada Ríos-
Subdivisión general Protección.
9 (RLIN) 155601
650 #4 - PUNTO DE ACCESO ADICIONAL DE MATERIA--TÉRMINO DE MATERIA
Término de materia o nombre geográfico como elemento de entrada Ecología fluvial.
9 (RLIN) 155602
700 1# - ENTRADA AGREGADA--NOMBRE PERSONAL
Nombre de persona Sabater, Sergi.
9 (RLIN) 155603
700 1# - ENTRADA AGREGADA--NOMBRE PERSONAL
Nombre de persona Elosegi, Arturo,
Fechas asociadas al nombre 1962-
9 (RLIN) 155604
852 ## - LOCALIZACIÓN
Ubicación ES-MaACL
Número de control de estantería A-13259
itemnumber 71522
Sublocalización o colección R.149978
Ubicación en estantería Depósito 1
Signatura antigua Olim: N-6259
942 ## - ELEMENTOS DE ENTRADA SECUNDARIOS (KOHA)
Fuente del sistema de clasificación o colocación Clasificación decimal universal
Tipo de ítem Koha Libro impreso
Holdings
Estatus retirado Estado de pérdida Fuente del sistema de clasificación o colocación Estado de daño No para préstamo Biblioteca de origen Biblioteca actual Ubicación en estantería Fecha de adquisición Fuente de adquisición Total de préstamos Signatura topográfica completa Código de barras Visto por última vez Precio de reemplazo Tipo de ítem Koha
    Clasificación decimal universal     Biblioteca del Ateneo de Madrid Biblioteca del Ateneo de Madrid Depósito 1 17/01/2008 Donación   A-13259 1072199 23/02/2023 23/02/2023 Libro impreso